| 000 | 00751nam a2200241 a 4500 | ||
|---|---|---|---|
| 999 |
_c3868 _d3868 |
||
| 001 | 3868 | ||
| 003 | BD-JhCC | ||
| 005 | 20200401134007.0 | ||
| 008 | 171119s2008 bg a|||| ||a| 00| 0 en d | ||
| 020 | _a9844151546 | ||
| 035 | _a(BD-JhCC)3868 | ||
| 040 |
_aBD-JhCC _dBD-JhCC |
||
| 041 | _aben | ||
| 082 |
_a822.33 _bLAM 2008 |
||
| 100 | _aল্যাম্ব, চার্লস | ||
| 245 |
_aটেলস ফ্রম শেক্সপিয়ার / _cচার্লস ল্যাম্ব ও মেরি ল্যাম্ব |
||
| 260 |
_aঢাকা : _bঅবসর, _c2008. |
||
| 300 |
_a252 p. : _c23 cm. |
||
| 650 | _aEnglish Drama | ||
| 700 | _aল্যাম্ব, মেরি | ||
| 942 |
_2ddc _cBK _06 |
||